000
00315nam a22001337a 4500
003
OSt
005
20160727222408.0
008
160624b xxu||||| |||| 00| 0 eng d
100
_9
907
_a
Smow, D.J
245
_a
That Certsin Girl
260
_a
USA
_b
Western Pub Co. Inc.
300
_a
That Certsin Girl
942
_2
ddc
_c
BK
999
_c
723
_d
723